000 00767cam a2200253 i 4500
001 2736890
003 ASAB
005 20180827062658.0
008 780817s1979 njua b 001 0 eng
020 _a81-219-2816-8
040 _aDLC
_cASAB
_dDLC
050 0 0 _aQP514.2
_b.D39
082 0 0 _a574/.1/92
245 1 0 _aElementary biochemistry :
_cJ.L. Jain, sunjay jain, nitin jain
246 _aelementary biochemistry
250 _amulticolour edition
260 _a N.D. :
_bS.Chand,
_cc.
300 _axviii, 588 p. :
_bill. ;
_c24 cm.
504 _aIncludes bibliographies and index.
650 0 _aBiochemistry.
_92130
700 1 _aLittlewood, Barbara Shaffer,
_ejoint author.
_92131
906 _a7
_bcbc
_corignew
_d1
_eocip
_f19
_gy-gencatlg
942 _2ddc
_cBK
999 _c480232
_d480232